The Story Selling Method: Master The Art of Storytelling to Build Trust Stand Out and Boost Sales (Record no. 46456)
[ view plain ]
| 000 -LEADER | |
|---|---|
| fixed length control field | 00493nam a22001697a 4500 |
| 005 - DATE AND TIME OF LATEST TRANSACTION | |
| control field | 20250811170557.0 |
| 008 - FIXED-LENGTH DATA ELEMENTS--GENERAL INFORMATION | |
| fixed length control field | 250811b |||||||| |||| 00| 0 eng d |
| 020 ## - INTERNATIONAL STANDARD BOOK NUMBER | |
| International Standard Book Number | 9780143473077 |
| 041 ## - LANGUAGE CODE | |
| Language code of text/sound track or separate title | Eng |
| 082 ## - DEWEY DECIMAL CLASSIFICATION NUMBER | |
| Classification number | 658.827 HUM |
| 100 ## - MAIN ENTRY--PERSONAL NAME | |
| Author | Humm, Philipp |
| 245 ## - TITLE STATEMENT | |
| Title | The Story Selling Method: Master The Art of Storytelling to Build Trust Stand Out and Boost Sales |
| 260 ## - PUBLICATION, DISTRIBUTION, ETC. | |
| Place | Haryana |
| Publisher | Penguin Business |
| Publication Year | 2025 |
| 300 ## - PHYSICAL DESCRIPTION | |
| Extent | 156;. p. 22 cm |
| 650 ## - SUBJECT ADDED ENTRY--TOPICAL TERM | |
| Subject | Branding; Marketing |
| 942 ## - ADDED ENTRY ELEMENTS (KOHA) | |
| Koha item type | Books |
| Withdrawn status | Lost status | Source of classification or shelving scheme | Damaged status | Not for loan | Home library | Current library | Shelving location | Accession Date | Vendor | Price | Bill number | Total Checkouts | Full call number | Barcode No | Date last seen | Date last checked out | Bill Date | Koha item type | Suggested By |
|---|---|---|---|---|---|---|---|---|---|---|---|---|---|---|---|---|---|---|---|
| Dewey Decimal Classification | IMTN | IMTN | Rack 37-A | 08/11/2025 | Amazon.in | 200.50 | HYD8-3252120 | 2 | 658.827 HUM | 33926 | 10/31/2025 | 10/11/2025 | 07/24/2025 | Books | Faculty Purchase by Dr. R. K. Jena |